000 00327nam a2200133Ia 4500
008 240624s9999 xx 000 0 und d
041 _aeng
082 _a793.73 DEV
100 _aSHAKUNTALA DEVI
245 _aPUZZLES TO PUZZLE YOU
260 _c2005
_aNew Delhi
_bOrient Paperbacks
300 _a144 : p. : cm. ; 19
365 _c
999 _c3598
_d3598